LEADER 00949nam0-2200337---450- 001 990008600120403321 005 20090916110303.0 010 $a88-548-0682-X 035 $a000860012 035 $aFED01000860012 035 $a(Aleph)000860012FED01 035 $a000860012 100 $a20080111d2006----km-y0itay50------ba 101 0 $aeng 102 $aIT 105 $aa---a---001yy 200 1 $aElements of Computability, Decidability, and Complexity$fAlberto Pettorossi 210 $aRoma$cAracne$dc2006 215 $aii, 154 p.$cill.$d24 cm 225 1 $aA01's$v88 610 0 $aLogica Matematica 610 0 $aComputabilità 676 $a511.3$v21$zita 700 1$aPettorossi,$bAlberto$017835 801 0$aIT$bUNINA$gRICA$2UNIMARC 901 $aBK 912 $a990008600120403321 952 $a511.3-PET-1$b4794$fSC1 959 $aSC1 996 $aElements of Computability, Decidability, and Complexity$9712986 997 $aUNINA LEADER 01594nam0 22003373i 450 001 SBL0564601 005 20231121125827.0 020 $aIT$b75-9158 100 $a20060118d1974 ||||0itac50 ba 101 | $aita 102 $ait 181 1$6z01$ai $bxxxe 182 1$6z01$an 200 1 $aCorso di contabilità di Stato e degli enti pubblici$eteoria giuridica e sistema positivo della gestione pubblica$fGiovanni Zaccaria 205 $a3. ed 210 $aRoma$cStamperia nazionale$d1974 215 $a808 p.$d24 cm. 500 10$aCorso di contabilità di Stato e degli enti pubblici.$3MSE0071256$9CFIV084666$93399536 700 1$aZaccaria$b, Giovanni$f $3CFIV084666$4070$01370964 801 3$aIT$bIT-01$c20060118 850 $aIT-RM0459 $aIT-RM0534 $aIT-RM1163 $aIT-RM1164 $aIT-FR0098 899 $aARCHIVIO DI STATO DI ROMA$bRM0459 899 $aBiblioteca Del Trasporto Marittimo$bRM0534 $eN 899 $aIstituto Centrale Restauro Conservazione Patrimonio Archivistico Librario$bRM1163 $4S 899 $aBiblioteca Luca Pacioli Dipartimento Ragioneria$bRM1164 899 $aBiblioteca Area Giuridico Economica$bFR0098 $eN 912 $aSBL0564601 950 0$aBiblioteca Area Giuridico Economica$d 53DONCAT FONDO CATALDI 23$e 53ATE0000240015 VMB A4 $fA $h20180515$i20180515 977 $a 12$a 33$a 36$a 40$a 53 996 $aCorso di contabilità di Stato e degli enti pubblici$93399536 997 $aUNICAS